000
00191 a2200085 4500
020
_a
9781935935032
100
_a
ORO PUB
245
_a
RECYCLING SPACES: CURTING URBAN EVOLUTION
260
_b
ORO PUB
999
_c
13144
_d
13144